01667nam a2200385 a 4500001001000000003000500010005001700015008004100032010001100073011001100084040000900095090001000104100003500114245021200149260004100361500006000402502007500462590004100537590003700578590004100615590004000656650002900696650003700725650005100762650003300813700004100846856001600887856007000903901000700973942001000980942000600990999001900996952013101015952013501146000114692CHAP20250827095647.0180320s2017 mx |sm |||||||spa d a111153 a112125 cCHAP aTesis1 aBeltrán Ortega, Diego93194910aUtilización de grasa animal o semilla de algodón en alimento de ovejas sobre parámetros reproductivos, sanguíneos y productivosh[En línea]cpor Diego Beltrán Ortega y Ander Guzmán Rodríguez. aChapingo, Méx. :bEl autor,c2017. aPara ver el contenido del material haga clic en la liga aTesis (Ing. Agr. Esp. en Zootecnia) -- UACH. Departamento de Zootecnia aBATCH-UPDb05c20180320lUCH01h1325 aBATCHb00c20181121lUCH01h0759 aE11695DGDb10c20180322lUCH01h1333 aE6337LMJb05c20180320lUCH01h132414aAlgodónxSemilla9405414aGanado lanarxFecundidad.94518112aGanado lanarxNutriciónxSuplementos913494014aGanado lanarxSangre.9452221 aGuzmán Rodríguez, Ander.9134939 a1 n0000903 aFinding aiduhttp://10.13.5.2/tesis/sist114692.pdfzTeclea aquí aBK cTESIS n0 c111153d111153 00104054718TESISaBCbBCd2018-03-20fTESISl0oTesisp114693-10r2019-12-31 00:00:00w2019-12-31yTESISzRecien adquirido 00102local4053708TESISaBCbBCcPA_TESISd2018-03-20fTESISl0oTesisp114693-20r2019-12-31 00:00:00tc.2w2019-12-31yTESIS